Очерк истории русского имажинизма (1919-1927) (Запись № 10996781)

Подробности
000 -МАРКЕР
контрольное поле 01845nam0a2200337 i 4500
001 - ИДЕНТИФИКАТОР ЗАПИСИ
контрольное поле RU\NLR\BIBL_A\011623557
005 - ИДЕНТИФИКАТОР ВЕРСИИ
контрольное поле 20241109123448.0
010 ## - МЕЖДУНАРОДНЫЙ СТАНДАРТНЫЙ НОМЕР КНИГИ (ISBN)
Номер (ISBN) 9785758401316
035 ## - ДРУГИЕ СИСТЕМНЫЕ НОМЕРА
Идентификатор записи (NLR Aleph) 011623557
100 ## - ДАННЫЕ ОБЩЕЙ ОБРАБОТКИ
Данные общей обработки 20180207d2017 um y0rusy50 ca
101 1# - ЯЗЫК РЕСУРСА
Язык текста, звукозаписи и т.д. русский
Язык оригинала английский
102 ## - СТРАНА ПУБЛИКАЦИИ ИЛИ ПРОИЗВОДСТВА
Страна публикации российская федерация
105 ## - ПОЛЕ КОДИРОВАННЫХ ДАННЫХ: ТЕКСТОВЫЕ МАТЕРИАЛЫ, МОНОГРАФИЧЕСКИЕ
Кодированные данные о монографическом текстовом документе y|||z|||001zy
200 1# - ЗАГЛАВИЕ И СВЕДЕНИЯ ОБ ОТВЕТСТВЕННОСТИ
Основное заглавие Очерк истории русского имажинизма (1919-1927)
Первые сведения об ответственности Владимир Марков
Последующие сведения об ответственности составление, предисловие и перевод с английского Станислава Швабрина при участии автора
210 ## - ПУБЛИКАЦИЯ, РАСПРОСТРАНЕНИЕ И ДР.
Место издания, распространения и т.д. Москва
-- Екатеринбург
Имя издателя, распространителя и т. д. Кабинетный ученый
-- Федор Еремеев
Дата издания, распространения и т.д. 2017
215 ## - ФИЗИЧЕСКАЯ ХАРАКТЕРИСТИКА
Специфическое обозначение материала и объем 370 с.
Размеры 22
300 ## - ОБЩИЕ ПРИМЕЧАНИЯ
Текст примечания Пер. изд.: Russian imagism (1919-1924) / Vladimir Markov. Giessen, 1980
320 ## - ПРИМЕЧАНИЯ О НАЛИЧИИ В ДОКУМЕНТЕ БИБЛИОГРАФИИ / УКАЗАТЕЛЯ
Текст примечания Библиогр.: с. 265-722 и в подстроч. примеч.
320 ## - ПРИМЕЧАНИЯ О НАЛИЧИИ В ДОКУМЕНТЕ БИБЛИОГРАФИИ / УКАЗАТЕЛЯ
Текст примечания Библиогр. по имажинизму и имажинистам: с. 278-308
320 ## - ПРИМЕЧАНИЯ О НАЛИЧИИ В ДОКУМЕНТЕ БИБЛИОГРАФИИ / УКАЗАТЕЛЯ
Текст примечания Указ.: с. 353-370
454 #0 - ОРИГИНАЛ (ПЕРЕВОДА)
Встроенное поле 2001#$aRussian imagism (1919-1924)
-- 210##$aGiessen$d1980
-- 700#1$aMarkov$bV. F.$gVladimir Fedorovič$f1920-2013$cславист, поэт$3RU\NLR\AUTH\770188829
Заглавие Russian imagism (1919-1924)
Автор Markov, Vladimir Fedorovič (славист, поэт ; 1920-2013)
606 ## - НАИМЕНОВАНИЕ ТЕМЫ КАК ПРЕДМЕТ
Наименование темы Имажинизм
Тематический подзаголовок в литературе русской советской
Системный номер авторитетной/нормативной записи 1152762
Идентификатор авторитетной/нормативной записи RU\NLR\AUTH\66460245
686 1# - ИНДЕКСЫ ДРУГИХ КЛАССИФИКАЦИЙ
Индекс Ш400.221.889
686 2# - ИНДЕКСЫ ДРУГИХ КЛАССИФИКАЦИЙ
Индекс Ш5(2=Р)7-328.8
700 #1 - ИМЯ ЛИЦА - ПЕРВИЧНАЯ ОТВЕТСТВЕННОСТЬ
Начальный элемент ввода Марков
Часть имени, кроме начального элемента ввода В. Ф.
Дополнения к именам, кроме дат литературовед, поэт
Даты 1920-2013
Расширение инициалов личного имени Владимир Федорович
Системный номер авторитетной/нормативной записи 148297
Идентификатор авторитетной/нормативной записи RU\NLR\AUTH\770148333
942 ## - ДОПОЛНИТЕЛЬНЫЕ ЭЛЕМЕНТЫ ЗАПИСИ (АБИС)
Тип экземпляра АБИС Книга
980 ## - КОЛЛЕКЦИЯ
Название коллекции НБР

Нет доступных экземпляров.